=LDR 00000nam 2200000 4500 =001 INLIS000000000002067 =005 20130612090433 =008 ***********************************Ind** =035 ##$$0010-061300000002067 =041 ##$$a Ind =082 ##$$a 920.72 =090 ##$$a 920.72, Dew n =100 ##$$a Dewantara, Bambang Sokawati =245 ##$$a Nyi ageng serang, Bambang Sokawati =260 ##$$a 1981 $b [s.l] =300 ##$$a 64 hlm, 21 cm =650 ##$$a Biografi wanita =850 ##$$a NBPNMAT